| 000 | 01042cam a2200301 a 4500 | ||
|---|---|---|---|
| 999 |
_c529465 _d529465 |
||
| 001 | 3770495 | ||
| 003 | NUST | ||
| 005 | 20190926125413.0 | ||
| 008 | 841031s1983 dcu b f000 0 eng | ||
| 010 | _a 83051700 | ||
| 020 |
_a030903566X (pbk.) : _c$7.20 |
||
| 038 | _aMSOHAIL | ||
| 040 |
_aDLC _cDLC _dDLC |
||
| 043 | _an-us--- | ||
| 050 | 0 | 0 |
_aKF902 _b.N48 1983 |
| 082 | 0 | 0 |
_a343.7307869 _a347.3037869 _219 |
| 100 | 1 |
_aNetherton, Ross De Witt, _d1918- _921583 |
|
| 245 | 1 | 0 |
_aConstruction contract claims : _bcauses and methods of settlement / _cRoss D. Netherton. |
| 260 |
_aWashington, D.C. : _bTransportation Research Board, _c[1983] |
||
| 300 |
_a58 p. ; _c28 cm. |
||
| 440 | 0 |
_aSynthesis of highway practice, _x0547-5570 ; _v105 _921584 |
|
| 500 | _a"November 1983." | ||
| 504 | _aBibliography: p. 37. | ||
| 650 | 0 |
_aConstruction contracts _zUnited States. _91127 |
|
| 710 | 2 |
_aNational Research Council (U.S.). _bTransportation Research Board. _919676 |
|
| 906 |
_a7 _bcbc _corignew _d3 _eocip _f19 _gy-gencatlg |
||
| 942 |
_2ddc _cBK |
||